000 00722nam a2200253Ia 4500
003 OSt
005 20221007081826.0
006 a|||||r|||| 00| 0
007 ta
008 221006b |||||||| |||| 00| 0 eng d
024 _a30,165
037 _cTextual
040 _aFLL
_cFLL
_beng
041 _2eng
_aeng
082 _aZ73,5, P7
100 _aSimester A.P.
_9697781
245 0 _aCriminal law theory and doctrine
250 _a3rd
260 _aPortland
_bHart Publishing c/o International Specialized Book Services Portland
_c2007
300 _alxxiii,791p
_ccm.
700 _a Sullivan G.R.
_9697782
942 _hZ73,5, P7
_cTEXL
_2CC
999 _c1164398
_d1164398